Atención al crecimiento de los niños
Guardat en:
| Format: | Llibre |
|---|---|
| Idioma: | espanyol |
| Publicat: |
Beijing
China Reconstruye
1983
|
| Col·lecció: | China en Desarrollo, 2
|
| Matèries: | |
| Etiquetes: |
Afegir etiqueta
Sense etiquetes, Sigues el primer a etiquetar aquest registre!
|
MARC
| LEADER | 00000nam a2200000 a 4500 | ||
|---|---|---|---|
| 001 | UCU1191 | ||
| 003 | CL-VaPUC | ||
| 008 | 960329e19830000CH |||||||||||||||||spa|d | ||
| 082 | 0 | 4 | |a 372.21 |b ATE |2 21 |
| 245 | 1 | 0 | |a Atención al crecimiento de los niños |
| 300 | |a 32 p | ||
| 942 | |c BK | ||
| 945 | |d 19960329 00:00:00 |a paguirre | ||
| 260 | |a Beijing |b China Reconstruye |c 1983 | ||
| 650 | 0 | |a Niños |9 255605 | |
| 650 | 0 | |a Desarrollo mental |9 313003 | |
| 650 | 0 | |a Desarrollo motor |9 313002 | |
| 650 | 0 | |a Educación rural |9 308104 | |
| 650 | 7 | |a BIENESTAR DE LA INFANCIA |2 CL-VaPUC |9 356809 | |
| 651 | 0 | |a China |9 257545 | |
| 651 | 7 | |a SHANGAI |2 CL-VaPUC |9 356810 | |
| 583 | |a last modification |c 19960329 00:00:00 |k Rodrigo Vera | ||
| 490 | 0 | |a China en Desarrollo, 2 | |
| 999 | |c 245900 |d 245898 | ||
| 952 | |0 0 |1 0 |4 0 |6 372_210000000000000_ATE_1983 |7 0 |8 P |9 260528 |a BIBEDU |b BIBEDU |c BIBEDU_PB |d 2019-11-19 |i 2011743 |o 372.21 ATE 1983 |p 2011743 |r 2024-01-25 |w 2019-11-19 |y BK |k EDU | ||
| 952 | |0 0 |1 0 |4 0 |6 372_210000000000000_ATE_1983 |7 0 |8 P |9 260529 |a BIBEDU |b BIBEDU |c BIBEDU_PB |d 2019-11-19 |i 2011689 |o 372.21 ATE 1983 |p 2011689 |r 2024-01-25 |w 2019-11-19 |y BK |k EDU | ||